000 00600cam a2200217 4500500
005 20260405002503.0
041 _afre
042 _adc
100 1 0 _ade Oliveira, Victorine
_eauthor
245 0 0 _aLa galaxie Homère
260 _c2017.
500 _a67
690 _aAlain
690 _aGorgias
690 _aHomère
690 _aNietzsche
690 _aRousseau
690 _aWeil
786 0 _nPhilosophie magazine | 111 | 7-8 | 2017-07-01 | p. 47-47 | 1951-1787
856 4 1 _uhttps://shs.cairn.info/magazine-philosophie-magazine-2017-7-8-page-47?lang=fr&redirect-ssocas=7080
999 _c2058125
_d2058125